[Event "Championnat de France - Open B"]
[Site "Nimes"]
[Date "2009.08.13"]
[Round "3.8"]
[White "Joslin, Jerome"]
[Black "Iasman, Inna"]
[Result "0-1"]
[WhiteElo "1843"]
[BlackElo "1947"]
[Annotator "Rivier,Sylvain"]
[PlyCount "69"]
[EventDate "2009.??.??"]

1. d4 d5 2. c4 c6 3. e3 Nf6 4. Nc3 e6 5. Nf3 Nbd7 6. a3 Bd6 7. Bd3 O-O 8. O-O
dxc4 9. Bxc4 e5 10. e4 exd4 11. Nxd4 Ne5 12. Be2 Bc5 13. Nb3 Bb6 14. Bf4 Qe7
15. Qc2 Ng6 16. Bg3 Be6 17. Bf3 Rad8 18. Rad1 Bc4 19. Rfe1 Qe6 20. Nc1 Ne5 21.
Be2 Bxe2 22. Qxe2 a6 23. Nd3 Nxd3 24. Rxd3 Rxd3 25. Qxd3 Rd8 26. Qe2 h6 27. e5
Nd5 28. Ne4 Bd4 29. Nd6 Rd7 30. Ne4 Ne7 31. h3 Nf5 32. Qg4 Kh8 33. Nd6 Rxd6 34.
exd6 Qxd6 35. Kh2 {suite illisible} 0-1

[Event "Championnat de France - Open B"]
[Site "Nimes"]
[Date "2009.08.13"]
[Round "3.9"]
[White "Gey, Marc-Emile"]
[Black "Van Der Borck, Alexis"]
[Result "1-0"]
[WhiteElo "1946"]
[BlackElo "1906"]
[PlyCount "72"]
[EventDate "2009.??.??"]

1. d4 Nf6 2. c4 g6 3. Nc3 Bg7 4. e4 d6 5. Bd3 O-O 6. Nge2 Nbd7 7. O-O e5 8. d5
Nc5 9. Bc2 a5 10. Be3 Ng4 11. Bxc5 dxc5 12. h3 Nh6 13. Qd2 f5 14. exf5 gxf5 15.
f4 e4 16. Qe3 Qe7 17. Rad1 Nf7 18. g4 fxg4 19. Bxe4 Qh4 20. Qg3 Qxg3+ 21. Nxg3
Nd6 22. Bd3 gxh3 23. Rde1 Nf5 24. Nxf5 Bxf5 25. Bxf5 Rxf5 26. Re7 Rf7 27. Rxf7
Kxf7 28. Nb5 Rg8 29. Kh2 Bxb2 30. Nxc7 Bd4 31. Kxh3 Kf6 32. Ne6 Kf5 33. Rb1 Ke4
34. Rxb7 Be3 35. d6 Bxf4 36. d7 Kf3 1-0

[Event "Championnat de France - Open B"]
[Site "Nimes"]
[Date "2009.08.13"]
[Round "3.10"]
[White "Pluyaud, Benoit"]
[Black "Masset, Jacques"]
[Result "0-1"]
[WhiteElo "1827"]
[BlackElo "1946"]
[PlyCount "104"]
[EventDate "2009.??.??"]

1. Nf3 Nf6 2. d4 e6 3. Bf4 b6 4. e3 Bb7 5. Bd3 Be7 6. h3 O-O 7. Nbd2 Nd5 8. Bh2
Nb4 9. Be2 f5 10. c4 a5 11. a3 N4a6 12. O-O d6 13. Ne1 Nd7 14. Nd3 Nf6 15. Nf4
Qd7 16. Bf3 Bxf3 17. Nxf3 Ne4 18. d5 e5 19. Ne6 Rfe8 20. Qe2 Nac5 21. Nxc5 bxc5
22. Ne1 Reb8 23. f3 Nf6 24. g4 g6 25. Rf2 a4 26. Ng2 Ne8 27. gxf5 gxf5 28. Kh1
Rb3 29. Rg1 Kf7 30. e4 f4 31. Nxf4 exf4 32. e5 Qxh3 33. e6+ Kf8 34. Qe4 Rab8
35. Qxf4+ Bf6 36. Rg3 Qh4 37. e7+ Kxe7 38. Re2+ Kf7 39. Qf5 Ng7 40. Qd7+ Kf8
41. Rh3 Rd8 42. Rxh4 Rxd7 43. Rxh7 Rxf3 44. Rh8+ Kf7 45. Ra8 Rb3 46. Rxa4 Bxb2
47. Rf2+ Kg6 48. Rg2+ Kf5 49. Ra8 Bd4 50. Rf8+ Ke4 51. Rf4+ Kd3 52. Rf3+ Kxc4
0-1

[Event "Championnat de France - Open B"]
[Site "Nimes"]
[Date "2009.08.14"]
[Round "4.1"]
[White "Masset, Jacques"]
[Black "Wahiche, Geoffrey"]
[Result "1/2-1/2"]
[WhiteElo "1946"]
[BlackElo "1959"]
[PlyCount "104"]
[EventDate "2009.??.??"]

1. c4 Nf6 2. Nc3 g6 3. e4 d6 4. g3 Bg7 5. Bg2 O-O 6. Nge2 c5 7. O-O Nc6 8. d3
Rb8 9. h3 Bd7 10. f4 a6 11. a4 Nd4 12. Nxd4 cxd4 13. Ne2 b5 14. cxb5 axb5 15.
a5 Qc7 16. Kh2 e5 17. fxe5 dxe5 18. Bg5 Qd6 19. Qe1 h6 20. Bd2 Rfc8 21. Bb4 Qe6
22. Qd2 Rc6 23. Rfc1 Rbc8 24. Rxc6 Rxc6 25. Rc1 Rxc1 26. Nxc1 Qc6 27. Nb3 Ne8
28. Nc5 Bc8 29. Bf3 Nc7 30. Bd1 Kh7 31. g4 f5 32. gxf5 gxf5 33. exf5 Bxf5 34.
Qf2 Bg6 35. Bf3 Qd6 36. Be4 Ne6 37. Bxg6+ Kxg6 38. Nxe6 Qxe6 39. Qg2+ Kh7 40.
Qe4+ Kg8 41. Qa8+ Kh7 42. a6 Qf6 43. a7 Qf4+ 44. Kg1 Qg5+ 45. Kf1 Qf4+ 46. Ke2
Qe3+ 47. Kd1 Qxd3+ 48. Bd2 Qf1+ 49. Kc2 Qc4+ 50. Kb1 d3 51. Bc3 Qa4 52. Qb7
Qc2+ 1/2-1/2

[Event "Championnat de France - Open B"]
[Site "Nimes"]
[Date "2009.08.14"]
[Round "4.2"]
[White "Tissot, Fabien"]
[Black "Gelas, Christophe"]
[Result "0-1"]
[WhiteElo "1944"]
[BlackElo "1947"]
[PlyCount "34"]
[EventDate "2009.??.??"]

1. d4 Nf6 2. c4 g6 3. Nc3 Bg7 4. e4 d6 5. f3 O-O 6. Be3 e5 7. Nge2 exd4 8. Nxd4
Nc6 9. Qd2 Re8 10. g4 Bxg4 11. fxg4 Nxd4 12. Bxd4 Nxe4 13. Qg2 Nxc3+ 14. Kd2
Ne4+ 15. Kd3 Bxd4 16. Kxd4 Qf6+ 17. Kd3 Nf2+ 0-1

[Event "Championnat de France - Open B"]
[Site "Nimes"]
[Date "2009.08.14"]
[Round "4.3"]
[White "Iasman, Inna"]
[Black "Gey, Marc-Emile"]
[Result "1/2-1/2"]
[WhiteElo "1947"]
[BlackElo "1946"]
[PlyCount "56"]
[EventDate "2009.??.??"]

1. d4 d5 2. c4 Bf5 3. Nc3 e6 4. Qb3 Nc6 5. Be3 Bb4 6. a3 Bxc3+ 7. bxc3 Rb8 8.
cxd5 exd5 9. Nf3 Nge7 10. Bf4 O-O 11. e3 Nc8 12. Be2 Nb6 13. O-O Na5 14. Qa2
Nbc4 15. Ne5 Nxe5 16. Bxe5 Qd7 17. a4 Rbc8 18. Rfc1 c6 19. h3 Be6 20. Rab1 Bf5
21. Rb4 b6 22. Ba6 Rce8 23. Bg3 Re6 24. Qe2 h6 25. c4 Nxc4 26. Bxc4 dxc4 27.
Rbxc4 Rfe8 28. R4c3 Qxd4 1/2-1/2

[Event "Championnat de France - Open B"]
[Site "Nimes"]
[Date "2009.08.14"]
[Round "4.4"]
[White "Nord, Antoine"]
[Black "Lepot, Simon"]
[Result "1/2-1/2"]
[WhiteElo "1903"]
[BlackElo "1981"]
[PlyCount "42"]
[EventDate "2009.??.??"]

1. e4 c5 2. Nf3 a6 3. c3 d6 4. d4 cxd4 5. cxd4 Nf6 6. Nc3 Nc6 7. h3 b5 8. a3 e6
9. Bd3 Be7 10. Qe2 e5 11. Be3 exd4 12. Nxd4 Ne5 13. Bc2 O-O 14. Bb3 Bb7 15. Bf4
Ng6 16. Bh2 Re8 17. O-O d5 18. Rad1 Bd6 19. Bxd6 Qxd6 20. f3 Nf4 21. Qd2 Rad8
1/2-1/2

[Event "Championnat de France - Open B"]
[Site "Nimes"]
[Date "2009.08.14"]
[Round "4.5"]
[White "Domenech, Vianney"]
[Black "Chasez, Fabien"]
[Result "1/2-1/2"]
[WhiteElo "1984"]
[BlackElo "1913"]
[PlyCount "86"]
[EventDate "2009.??.??"]

1. d4 Nf6 2. Bf4 e6 3. e3 b6 4. Nf3 Bb7 5. Bd3 Be7 6. Nbd2 d5 7. Ne5 O-O 8. Qf3
Nbd7 9. h4 c5 10. c3 Ne8 11. h5 Nxe5 12. dxe5 f6 13. Qh3 f5 14. Nf3 a6 15. g4
d4 16. exd4 Qd5 17. Ke2 fxg4 18. Qxg4 Qxf3+ 19. Qxf3 Bxf3+ 20. Kxf3 Bg5 21.
Rag1 Rxf4+ 22. Ke3 Bh6 23. Be4 Rd8 24. f3 cxd4+ 25. cxd4 Rc8 26. Kf2 Nc7 27.
Rc1 Rxe4 28. fxe4 Bxc1 29. Rxc1 Kf7 30. d5 Ke8 31. d6 Kd7 32. dxc7 Rxc7 33. Rg1
Ke8 34. Rg2 Kf8 35. Ke3 Rc5 36. Kf4 Rc1 37. Rd2 Rf1+ 38. Kg4 Rg1+ 39. Kf4 Rf1+
40. Kg5 Rg1+ 41. Kf4 Rf1+ 42. Ke3 Re1+ 43. Kf3 Rf1+ 1/2-1/2

[Event "Championnat de France - Open B"]
[Site "Nimes"]
[Date "2009.08.14"]
[Round "4.6"]
[White "Degremont, Patrick"]
[Black "Larribere, Hadrien"]
[Result "1-0"]
[WhiteElo "1971"]
[BlackElo "1911"]
[PlyCount "87"]
[EventDate "2009.??.??"]

1. e4 c5 2. Nc3 Nc6 3. g3 g6 4. Bg2 Bg7 5. d3 d6 6. f4 e6 7. Nf3 Nge7 8. O-O
O-O 9. Ne2 f5 10. c3 e5 11. exf5 Bxf5 12. fxe5 dxe5 13. Be3 b6 14. d4 e4 15.
Ng5 Nd5 16. Bc1 Qe7 17. Qb3 Rad8 18. Nf4 Qd7 19. dxc5 Na5 20. Qxd5+ Qxd5 21.
Nxd5 Rxd5 22. cxb6 axb6 23. Nxe4 Bxe4 24. Bxe4 Rxf1+ 25. Kxf1 Re5 26. Bc2 Re8
27. Bg5 Rf8+ 28. Kg2 Bf6 29. Bxf6 Rxf6 30. Rf1 Rd6 31. Rd1 Rf6 32. b4 Nc6 33.
Bb3+ Kg7 34. Re1 h6 35. Re6 Rxe6 36. Bxe6 Kf6 37. Bb3 Ke5 38. Kf3 h5 39. Bc2
Ne7 40. Be4 g5 41. Ke3 Ng8 42. h4 Nf6 43. Bf3 g4 44. Bc6 1-0

[Event "Championnat de France - Open B"]
[Site "Nimes"]
[Date "2009.08.14"]
[Round "4.7"]
[White "Lycaon, Xavier"]
[Black "Penalver, Frederic"]
[Result "1/2-1/2"]
[WhiteElo "1920"]
[BlackElo "1963"]
[PlyCount "82"]
[EventDate "2009.??.??"]

1. d4 f5 2. Nf3 Nf6 3. g3 g6 4. Bg2 Bg7 5. c4 O-O 6. O-O d6 7. Nc3 c6 8. b3 e5
9. dxe5 Ng4 10. h3 Nxe5 11. Bb2 Nxf3+ 12. Bxf3 f4 13. Bg2 Qa5 14. Na4 Bxb2 15.
Nxb2 fxg3 16. Qxd6 gxf2+ 17. Rxf2 Rxf2 18. Kxf2 Na6 19. Nd3 Bf5 20. Qe7 Qc3 21.
Qe5 Qc2 22. Qe3 Rf8 23. Kg3 Nc7 24. Bf3 Rc8 25. Qd4 Ne6 26. Qd7 Ng7 27. Qd4 Qd2
28. Qf4 Qxf4+ 29. Nxf4 Ne6 30. Nxe6 Bxe6 31. Rd1 Kf7 32. Rd2 Bf5 33. Rd1 Ke7
34. Rd2 Rf8 35. Rd1 Rf6 36. c5 Re6 37. Rc1 Re5 38. Rc4 Bb1 39. Rb4 Bxa2 40.
Rxb7+ Kf6 41. b4 a5 1/2-1/2

[Event "Championnat de France - Open B"]
[Site "Nimes"]
[Date "2009.08.14"]
[Round "4.8"]
[White "Le Talbodec, Emmanuel"]
[Black "Youssoupov, Moisse"]
[Result "0-1"]
[WhiteElo "1958"]
[BlackElo "1911"]
[PlyCount "46"]
[EventDate "2009.??.??"]

1. d4 Nf6 2. Nf3 e6 3. g3 c5 4. c3 Nc6 5. Bg2 d5 6. O-O Be7 7. Re1 Ne4 8. dxc5
Bxc5 9. e3 O-O 10. Nbd2 f5 11. Qc2 a5 12. Nxe4 fxe4 13. Nd4 Ne5 14. Rf1 Qg5 15.
Nb3 b6 16. Nxc5 bxc5 17. b3 Qh5 18. Qd1 Nf3+ 19. Bxf3 exf3 20. Kh1 Ba6 21. Rg1
Be2 22. Qc2 Qh3 23. e4 Bf1 0-1

[Event "Championnat de France - Open B"]
[Site "Nimes"]
[Date "2009.08.14"]
[Round "4.9"]
[White "Feryn, Benjamin"]
[Black "Chanel, Virgile"]
[Result "1/2-1/2"]
[WhiteElo "1954"]
[BlackElo "1910"]
[PlyCount "57"]
[EventDate "2009.??.??"]

1. e4 d6 2. d4 Nf6 3. Bd3 e5 4. c3 c5 5. Ne2 Nc6 6. d5 Ne7 7. O-O Ng6 8. Bb5+
Bd7 9. Qa4 Be7 10. Bxd7+ Qxd7 11. Qxd7+ Kxd7 12. f3 h5 13. a4 b6 14. Na3 a6 15.
Be3 Kc7 16. b4 Nd7 17. Ra2 Rac8 18. Rc1 cxb4 19. cxb4+ Kb7 20. Rac2 Rxc2 21.
Rxc2 Rc8 22. Rxc8 Kxc8 23. Ng3 h4 24. Nf5 Bf8 25. h3 Kc7 26. Nc4 Nf4 27. Bxf4
exf4 28. Nd4 g6 29. Kf1 1/2-1/2

[Event "Championnat de France - Open B"]
[Site "Nimes"]
[Date "2009.08.14"]
[Round "4.10"]
[White "Fournier, Sylvain"]
[Black "Wagner, Bruno"]
[Result "*"]
[WhiteElo "1919"]
[BlackElo "1951"]
[PlyCount "55"]
[EventDate "2009.??.??"]

1. f4 e5 2. fxe5 d6 3. exd6 Bxd6 4. Nf3 Nf6 5. d4 Ng4 6. Qd3 Nc6 7. c3 Nxh2 8.
Qe4+ Kf8 9. Rxh2 Bg3+ 10. Kd1 f5 11. Qd3 Bxh2 12. Nxh2 Qh4 13. Qh3 Qf6 14. Qg3
Be6 15. Qxc7 Nxd4 16. Qc5+ Kf7 17. cxd4 Rhd8 18. Nf3 Rd5 19. Qb4 Kg8 20. Nc3
Rd7 21. Bg5 Qg6 22. e3 Qh5 23. Kd2 h6 24. Bf4 g5 25. Be5 Qh1 26. Re1 g4 27. Bc4
Qxg2+ 28. Re2 *

[Event "Championnat de France - Open B"]
[Site "Nimes"]
[Date "2009.08.15"]
[Round "5.1"]
[White "Gelas, Christophe"]
[Black "Degremont, Patrick"]
[Result "1-0"]
[WhiteElo "1947"]
[BlackElo "1971"]
[PlyCount "37"]

1. d4 e6 2. c4 d5 3. Nc3 Nf6 4. Bg5 c6 5. e3 Nbd7 6. Nf3 Qa5 7. Nd2 Bb4 8. Qc2
dxc4 9. Bxf6 Nxf6 10. Nxc4 Qd8 11. Be2 Nd5 12. O-O O-O 13. a3 Be7 14. Bf3 c5
15. dxc5 Nxc3 16. Qxc3 Bxc5 17. Qe5 Be7 18. Rfd1 Bf6 19. Rxd8 1-0

[Event "Championnat de France - Open B"]
[Site "Nimes"]
[Date "2009.08.15"]
[Round "5.2"]
[White "Wahiche, Geoffrey"]
[Black "Fournier, Sylvain"]
[Result "0-1"]
[WhiteElo "1959"]
[BlackElo "1919"]
[PlyCount "38"]

1. d4 Nf6 2. Nf3 g6 3. c4 Bg7 4. Nc3 d6 5. e4 O-O 6. Be2 c6 7. O-O Nbd7 8. Be3
e5 9. d5 cxd5 10. cxd5 Nh5 11. Bg5 f6 12. Bd2 Nf4 13. Bxf4 exf4 14. Nd4 Ne5 15.
Qb3 Qe7 16. Rac1 f5 17. Ndb5 fxe4 18. Nc7 f3 19. Bb5 Qh4 0-1

[Event "Championnat de France - Open B"]
[Site "Nimes"]
[Date "2009.08.15"]
[Round "5.3"]
[White "Claisse, Patrick"]
[Black "Iasman, Inna"]
[Result "1-0"]
[WhiteElo "1924"]
[BlackElo "1947"]
[PlyCount "83"]

1. e4 c6 2. d4 d5 3. Nc3 dxe4 4. Nxe4 Nd7 5. Nf3 Ngf6 6. Ng3 e6 7. Bd3 c5 8. c3
Be7 9. O-O O-O 10. Re1 b5 11. Qe2 Bb7 12. Ng5 Kh8 13. Nxf7+ Rxf7 14. Qxe6 Bd5
15. Qh3 Nf8 16. c4 Bb7 17. d5 Bc8 18. Nf5 Bd6 19. Bg5 Bxf5 20. Bxf5 Qc7 21. g3
Be5 22. Rab1 Re7 23. Red1 Qd6 24. b3 Ree8 25. Kf1 h6 26. Rd3 Kg8 27. Be3 N6d7
28. Qg4 Rad8 29. h4 Nf6 30. Qf3 g6 31. Bh3 Kg7 32. g4 Ng8 33. g5 h5 34. Re1 Qc7
35. Bc1 Bd6 36. Bb2+ Kh7 37. Rxe8 Rxe8 38. Bf5 gxf5 39. Qxh5+ Nh6 40. Qxh6+ Kg8
41. Qh8+ Kf7 42. Qg7# 1-0

[Event "Championnat de France - Open B"]
[Site "Nimes"]
[Date "2009.08.15"]
[Round "5.4"]
[White "Gey, Marc-Emile"]
[Black "Delboe, Charles"]
[Result "1-0"]
[WhiteElo "1946"]
[BlackElo "1912"]
[PlyCount "89"]

1. d4 Nf6 2. c4 g6 3. Nc3 d5 4. cxd5 Nxd5 5. e4 Nxc3 6. bxc3 Bg7 7. Rb1 O-O 8.
Nf3 c5 9. Be3 Nc6 10. Be2 Qa5 11. O-O cxd4 12. cxd4 Qxa2 13. d5 Ne5 14. Nxe5
Bxe5 15. f4 Bg7 16. Bc5 b6 17. Bxe7 Re8 18. d6 Bd7 19. e5 Qa4 20. Qxa4 Bxa4 21.
Bb5 Bxb5 22. Rxb5 Bf8 23. Bf6 Re6 24. Rd1 Bg7 25. Bxg7 Kxg7 26. Rc1 Ree8 27.
Kf2 Rec8 28. Ra1 Kf8 29. Ke3 Ke8 30. Kd4 Kd7 31. Kd5 h5 32. g3 Rcb8 33. Ra6 Rb7
34. Rb2 b5 35. Rb4 Rc8 36. Ra5 Rcb8 37. h3 h4 38. g4 g5 39. f5 f6 40. e6+ Kd8
41. d7 Ke7 42. Ra6 Rc7 43. Rc6 a5 44. Rxc7 axb4 45. Rc8 1-0

[Event "Championnat de France - Open B"]
[Site "Nimes"]
[Date "2009.08.15"]
[Round "5.5"]
[White "Youssoupov, Moisse"]
[Black "Masset, Jacques"]
[Result "1-0"]
[WhiteElo "1911"]
[BlackElo "1946"]
[PlyCount "47"]

1. d4 e6 2. Bf4 b6 3. e3 Bb7 4. Nd2 f5 5. Ngf3 Nf6 6. h3 Be7 7. g4 Ne4 8. Rg1
fxg4 9. Rxg4 Nxd2 10. Nxd2 Bf6 11. Bd3 d6 12. Ne4 O-O 13. Rg3 Bh4 14. Qh5 Bxg3
15. Nxg3 h6 16. Qg6 Bf3 17. Qxe6+ Kh8 18. Qg6 Kg8 19. Nf5 Rxf5 20. Bxf5 Kf8 21.
Qg3 Bb7 22. Qg6 Nd7 23. Bxd6+ cxd6 24. Qxd6+ 1-0

[Event "Championnat de France - Open B"]
[Site "Nimes"]
[Date "2009.08.15"]
[Round "5.6"]
[White "Robert-Dehault, Etienne"]
[Black "Nord, Antoine"]
[Result "0-1"]
[WhiteElo "1937"]
[BlackElo "1903"]
[PlyCount "52"]

1. d4 Nf6 2. Nf3 e6 3. c4 b6 4. a3 Bb7 5. Nc3 Be7 6. d5 d6 7. e4 a5 8. Be3 Qd7
9. Be2 Na6 10. Nd4 Nc5 11. f3 O-O 12. O-O g6 13. b4 axb4 14. axb4 Rxa1 15. Qxa1
Ra8 16. Qd1 Na6 17. Nc2 Bf8 18. f4 Qe7 19. f5 exf5 20. exf5 Bg7 21. fxg6 hxg6
22. Bd3 Nxb4 23. Bg5 Nxc2 24. Qxc2 Qe5 25. Bh4 Ng4 26. Bg3 Qxc3 0-1

[Event "Championnat de France - Open B"]
[Site "Nimes"]
[Date "2009.08.15"]
[Round "5.7"]
[White "Domenech, Vianney"]
[Black "Marks, Edwin"]
[Result "1-0"]
[WhiteElo "1984"]
[BlackElo "1909"]
[PlyCount "81"]

1. d4 Nf6 2. Bf4 d5 3. e3 e6 4. Nd2 c5 5. c3 Qb6 6. Qb3 Bd7 7. Ngf3 Qxb3 8.
axb3 Nc6 9. Bd3 Be7 10. h3 O-O 11. O-O a6 12. Ra2 Rac8 13. Rfa1 Na7 14. dxc5
Bxc5 15. b4 Be7 16. Nb3 Rfd8 17. Na5 Bc6 18. Nd4 Rd7 19. Ndxc6 Nxc6 20. Nxc6
Rxc6 21. b5 Rb6 22. bxa6 bxa6 23. Rxa6 Rxa6 24. Rxa6 Nh5 25. Be5 g6 26. Bb5 Rd8
27. g4 Nf6 28. Ra7 Kf8 29. b4 Ne8 30. Ba6 f6 31. Bd4 Rb8 32. f4 Nd6 33. Bc5 Nc8
34. Rc7 Bxc5 35. bxc5 Ne7 36. c6 Rb6 37. Bb7 Nxc6 38. Bxc6 h5 39. e4 hxg4 40.
exd5 exd5 41. hxg4 1-0

[Event "Championnat de France - Open B"]
[Site "Nimes"]
[Date "2009.08.15"]
[Round "5.8"]
[White "Babu, Anthony"]
[Black "Moreau, Luc"]
[Result "1/2-1/2"]
[WhiteElo "1898"]
[BlackElo "1985"]
[PlyCount "55"]

1. e4 c5 2. Nc3 Nc6 3. Bc4 Nf6 4. d3 g6 5. Nge2 Bg7 6. O-O O-O 7. a3 Rb8 8. f4
d6 9. f5 Ne5 10. Ba2 b5 11. fxg6 hxg6 12. Nf4 a5 13. Ncd5 Nxd5 14. Nxd5 e6 15.
Nf4 b4 16. Bb3 c4 17. dxc4 Qb6+ 18. Kh1 Ba6 19. axb4 axb4 20. Re1 Bxc4 21. Bd2
Qc6 22. Ba4 Bb5 23. Bxb5 Rxb5 24. Ne2 Qxe4 25. Bc1 Qg4 26. h3 Qc4 27. b3 Qc8
28. Bf4 1/2-1/2

[Event "Championnat de France - Open B"]
[Site "Nimes"]
[Date "2009.08.15"]
[Round "5.9"]
[White "Lepot, Simon"]
[Black "Bouthier, Jacques"]
[Result "0-1"]
[WhiteElo "1981"]
[BlackElo "1896"]
[PlyCount "46"]

1. e4 c5 2. Nf3 d6 3. d4 cxd4 4. Nxd4 Nf6 5. Nc3 a6 6. Bg5 e6 7. f4 Qc7 8. Qf3
b5 9. O-O-O Nbd7 10. Bd3 Bb7 11. Rhe1 Rc8 12. Nd5 exd5 13. exd5+ Kd8 14. Bxb5
axb5 15. Qe2 Ne5 16. fxe5 dxe5 17. Bxf6+ gxf6 18. Ne6+ fxe6 19. dxe6+ Bd6 20.
Kb1 Ke7 21. Qxb5 Qxc2+ 22. Ka1 Bc6 23. Qf1 Ra8 0-1

[Event "Championnat de France - Open B"]
[Site "Nimes"]
[Date "2009.08.15"]
[Round "5.10"]
[White "Chanel, Virgile"]
[Black "Vaillant, Stephane"]
[Result "1-0"]
[WhiteElo "1910"]
[BlackElo "1971"]
[PlyCount "47"]

1. e4 e6 2. b3 d5 3. Bb2 Nf6 4. exd5 exd5 5. Nf3 Be7 6. d4 Bg4 7. Be2 c6 8.
Nbd2 Nbd7 9. Ne5 Bxe2 10. Qxe2 O-O 11. O-O a5 12. c4 c5 13. Nxd7 Nxd7 14. cxd5
cxd4 15. Bxd4 Bf6 16. Qe3 Bxd4 17. Qxd4 Nf6 18. d6 Re8 19. Rfe1 Qd7 20. Nc4 Ra6
21. Rad1 Rxe1+ 22. Rxe1 b5 23. Nb6 Qd8 24. Rc1 1-0

[Event "Championnat de France - Open B"]
[Site "Nimes"]
[Date "2009.08.16"]
[Round "6.1"]
[White "Gey, Marc-Emile"]
[Black "Gelas, Christophe"]
[Result "1/2-1/2"]
[WhiteElo "1946"]
[BlackElo "1947"]
[PlyCount "63"]
[EventDate "2009.??.??"]

1. d4 Nf6 2. c4 g6 3. Nc3 Bg7 4. e4 d6 5. Bd3 O-O 6. Nge2 e5 7. d5 Nbd7 8. O-O
Nc5 9. Bc2 a5 10. f3 Nfd7 11. Be3 f5 12. exf5 gxf5 13. Nb5 f4 14. Bf2 Nb6 15.
b3 Rf7 16. Rc1 Bh6 17. Bxc5 dxc5 18. d6 Qg5 19. dxc7 Bh3 20. Rf2 Rg7 21. g3
fxg3 22. hxg3 Rd7 23. Qe1 Qd2 24. f4 Qe3 25. Qc3 Bxf4 26. Nxf4 exf4 27. Qxe3
fxe3 28. Re2 Rf8 29. Rce1 Na8 30. Rxe3 Nxc7 31. Nxc7 Rxc7 32. Re8 1/2-1/2

[Event "Championnat de France - Open B"]
[Site "Nimes"]
[Date "2009.08.16"]
[Round "6.2"]
[White "Nord, Antoine"]
[Black "Claisse, Patrick"]
[Result "1/2-1/2"]
[WhiteElo "1903"]
[BlackElo "1924"]
[PlyCount "80"]
[EventDate "2009.??.??"]

1. e4 c5 2. Nf3 d6 3. Bb5+ Bd7 4. Bxd7+ Qxd7 5. c4 Nc6 6. d4 cxd4 7. Nxd4 Nf6
8. Nc3 a6 9. a4 e6 10. O-O Be7 11. b3 O-O 12. Bb2 Qc7 13. Rb1 Rfd8 14. Nde2 Rd7
15. Qd2 Rad8 16. Nf4 Qb6 17. Ba1 Nb4 18. Qe2 Qa5 19. Rfd1 Qg5 20. Nd3 Nxd3 21.
Rxd3 Nh5 22. Qf1 Rc7 23. Rbd1 Nf4 24. Rf3 Ng6 25. Rg3 Qc5 26. Kh1 Bh4 27. Re3
Bg5 28. Rh3 Nf4 29. Rg3 Ng6 30. Ne2 Bh6 31. f4 Ne7 32. Qe1 Nc6 33. Qc3 e5 34.
fxe5 Qxe5 35. Qxe5 dxe5 36. Rxd8+ Nxd8 37. Bxe5 Re7 38. Bf6 Rxe4 39. Bxd8 Rxe2
40. Kg1 Kf8 1/2-1/2

[Event "Championnat de France - Open B"]
[Site "Nimes"]
[Date "2009.08.16"]
[Round "6.3"]
[White "Fournier, Sylvain"]
[Black "Youssoupov, Moisse"]
[Result "1/2-1/2"]
[WhiteElo "1919"]
[BlackElo "1911"]
[Annotator "Rivier,Sylvain"]
[PlyCount "30"]
[EventDate "2009.??.??"]

1. f4 d5 2. e3 c5 3. Nf3 e6 4. b3 Bd6 5. Bb2 Nf6 6. g3 h6 7. Bg2 g5 8. fxg5
hxg5 9. Nxg5 Rxh2 10. Rxh2 Bxg3+ 11. Kf1 Bxh2 12. Qf3 Nbd7 13. Qh3 Bd6 14. Qh8+
Bf8 15. Nc3 Ng4 {suite illisible} 1/2-1/2

[Event "Championnat de France - Open B"]
[Site "Nimes"]
[Date "2009.08.16"]
[Round "6.4"]
[White "Bouthier, Jacques"]
[Black "Domenech, Vianney"]
[Result "0-1"]
[WhiteElo "1896"]
[BlackElo "1984"]
[PlyCount "82"]
[EventDate "2009.??.??"]

1. e4 c5 2. Nf3 Nc6 3. d4 cxd4 4. Nxd4 Nf6 5. Nc3 e5 6. Ndb5 d6 7. Bg5 a6 8.
Na3 b5 9. Nd5 Be7 10. Bxf6 Bxf6 11. c3 Bg5 12. Nc2 Rb8 13. Bd3 O-O 14. Qe2 Be6
15. Ndb4 Nxb4 16. Nxb4 Qb6 17. O-O a5 18. Nc2 Kh8 19. Na3 b4 20. Nc4 Bxc4 21.
Bxc4 bxc3 22. bxc3 Qc5 23. Rad1 f5 24. Rd5 Qa3 25. exf5 Rxf5 26. Bd3 Rf6 27.
Qg4 Bh6 28. Qe4 g6 29. Bb1 Rbf8 30. Qe1 Qb2 31. f3 Bf4 32. Kh1 Qb6 33. c4 Qc6
34. Qe4 a4 35. Rb5 Rc8 36. Rb4 a3 37. Qd3 Qc5 38. Ra4 Bh6 39. Qxa3 Qxa3 40.
Rxa3 Rxc4 41. Be4 Rd4 0-1

[Event "Championnat de France - Open B"]
[Site "Nimes"]
[Date "2009.08.16"]
[Round "6.5"]
[White "Grignon, Maxime"]
[Black "Penalver, Frederic"]
[Result "0-1"]
[WhiteElo "1893"]
[BlackElo "1963"]
[PlyCount "64"]
[EventDate "2009.??.??"]

1. d4 Nf6 2. c4 g6 3. Nc3 Bg7 4. e4 d6 5. Nf3 Nbd7 6. Be2 O-O 7. O-O Re8 8. Be3
e5 9. d5 Nh5 10. g3 Bf8 11. Ne1 Ng7 12. Nd3 Be7 13. Qd2 f5 14. f3 Nf6 15. Nf2
Rf8 16. b4 Nfh5 17. Nd3 g5 18. c5 f4 19. Bf2 Bh3 20. Rfc1 g4 21. fxg4 fxg3 22.
hxg3 Nf6 23. Be3 Nxg4 24. Bxg4 Bxg4 25. Rf1 Nh5 26. Qh2 Kh8 27. Rxf8+ Qxf8 28.
Nf2 Qf3 29. Rf1 Rf8 30. Nxg4 Qxg4 31. Bf2 Rf3 32. Ne2 Nf4 0-1

[Event "Championnat de France - Open B"]
[Site "Nimes"]
[Date "2009.08.16"]
[Round "6.6"]
[White "Feryn, Benjamin"]
[Black "Joslin, Jerome"]
[Result "1-0"]
[WhiteElo "1954"]
[BlackElo "1843"]
[PlyCount "43"]
[EventDate "2009.??.??"]

1. e4 e5 2. Nc3 Nf6 3. Bc4 Nc6 4. d3 d6 5. f4 Bg4 6. Nf3 Bxf3 7. Qxf3 Nd4 8.
Qd1 Ng4 9. Qxg4 Nxc2+ 10. Kd1 Nxa1 11. fxe5 dxe5 12. Bxf7+ Kxf7 13. Rf1+ Ke8
14. Qh5+ Kd7 15. Qxe5 Kc8 16. Nd5 c6 17. Rf7 Bd6 18. Qe6+ Kb8 19. Bg5 Re8 20.
Rd7 Bc7 21. Bxd8 Rxd8 22. Rxc7 1-0

[Event "Championnat de France - Open B"]
[Site "Nimes"]
[Date "2009.08.16"]
[Round "6.7"]
[White "Le Du, Michel"]
[Black "Wlassewitch, Sylvain"]
[Result "1/2-1/2"]
[WhiteElo "1936"]
[BlackElo "1811"]
[PlyCount "22"]
[EventDate "2009.??.??"]

1. e4 e5 2. Nf3 Nf6 3. Nxe5 d6 4. Nf3 Nxe4 5. d4 d5 6. Bd3 Nc6 7. O-O Bg4 8.
Re1 f5 9. c3 Bd6 10. Nbd2 Qf6 11. Nf1 O-O-O 1/2-1/2

[Event "Championnat de France - Open B"]
[Site "Nimes"]
[Date "2009.08.16"]
[Round "6.8"]
[White "Pluyaud, Benoit"]
[Black "Naudion, Gregoire"]
[Result "0-1"]
[WhiteElo "1827"]
[BlackElo "1926"]
[PlyCount "84"]
[EventDate "2009.??.??"]

1. Nf3 Nf6 2. d4 g6 3. c4 Bg7 4. Nc3 O-O 5. e4 d6 6. Be2 e5 7. dxe5 dxe5 8.
Qxd8 Rxd8 9. Bg5 Re8 10. Bxf6 Bxf6 11. Nd5 Bd8 12. O-O c6 13. Nc3 Nd7 14. Rfd1
Nf6 15. b4 a5 16. b5 a4 17. bxc6 bxc6 18. Rd6 Kg7 19. Rxc6 Bb7 20. Rd6 Bc7 21.
Rdd1 Bxe4 22. Nxe4 Nxe4 23. Kf1 Bb6 24. Rd7 Bxf2 25. Nd2 Bd4 26. Nxe4 Bxa1 27.
c5 Red8 28. c6 Rxd7 29. cxd7 Bd4 30. Nd6 Bb6 31. Bf3 Rb8 32. Bc6 a3 33. Bb7 Bd8
34. Bd5 Kf6 35. Ke2 Rb2+ 36. Kd3 Ke7 37. Nxf7 Kxd7 38. Ke3 Bf6 39. Kf3 h5 40.
h3 Rd2 41. Bc4 Rd4 42. Bb5+ Ke7 0-1

[Event "Championnat de France - Open B"]
[Site "Nimes"]
[Date "2009.08.16"]
[Round "6.9"]
[White "Garnier, Teddy"]
[Black "Banuls, Adrien"]
[Result "1-0"]
[WhiteElo "1825"]
[BlackElo "1912"]
[PlyCount "39"]
[EventDate "2009.??.??"]

1. e4 c5 2. c3 Nf6 3. e5 Nd5 4. d4 cxd4 5. cxd4 e6 6. Nc3 Nxc3 7. bxc3 d6 8. f4
Qc7 9. Bd2 Be7 10. Bd3 g6 11. Nf3 Nc6 12. O-O O-O 13. Qe1 Rd8 14. Qg3 Bd7 15.
Rae1 Re8 16. Ng5 Bxg5 17. Qxg5 Ne7 18. f5 Nxf5 19. Bxf5 exf5 20. Qf6 1-0